000 00751nac a22002051u 4500
010 _a 96002534
082 0 0 _a006.31
_bD2628
090 _c3112
_d3112
100 _aDatta ,R.N.
245 1 2 _aMachines Tools:
_c.Workshop Technology/
_bR.N.Datta.
260 _aKolkata, India. :
_bNew Central Book Agency.,
_cc[2004]-
300 _a388p :
_bill. ;
_c24 cm.
504 _aIncludes bibliographical references and indexes.
650 0 _aMachine learning
_xTechnique.
650 0 _aAlgorithms.
650 0 _aLearning models (Stochastic processes)
700 1 _aDatta ,R.N
942 _cBB
_k006.31D2628
999 _c3112
_d3112